00313nam a2200133Ia 45000030006000000080041000060400015000471000024000622450018000862600042001043000006001465460010001520050017001620STCL150530s9999 xx 000 0 und d aSTCLcSTCL aHarikrishnan Premee aSavppan Bhang bAtma Ram and Sons; Delhic1952aDelhi a0 aHindi20220125171219.0